Cançons d'infants [Música impresa]. Segona serie / Narcisa Freixas ; ilustracions [sic.] de Torné Esquius
Descripción Física:
26 p. : il. col. ; 23 x 26 cm
Otros Autores:
Torné i Esquius, Pere, il
Materias:
Cançons infantils -- Catalunya
MARC
| LEADER | 00000nam a2200000Ia 4500 | ||
|---|---|---|---|
| 001 | 13622 | ||
| 008 | 160829s9999 xx 000 0 cat d | ||
| 080 | |a RF-9-5 | ||
| 100 | |a Freixas, Narcisa |9 39139 | ||
| 245 | |a Cançons d'infants [Música impresa]. Segona serie / Narcisa Freixas ; ilustracions [sic.] de Torné Esquius | ||
| 250 | |a 2a ed. | ||
| 260 | |a Barcelona : |b Casa Dotesio, [post. a 1908] | ||
| 300 | |a 26 p. : |b il. col. ; |c 23 x 26 cm | ||
| 590 | |a Texts de les cançons de varis autors | ||
| 650 | |a Cançons infantils |x Catalunya |9 29156 | ||
| 700 | |a Torné i Esquius, Pere, il. |9 39140 | ||
| 856 | 4 | |u https://media.diba.cat/diba/fitxers/arxiu/fulletons/bib_13622_1908_baixa.pdf |y Accés lliure | |
| 856 | 4 | |u https://media.diba.cat/diba/fitxers/arxiu/fulletons/bib_13622_1908_baixa.pdf |y Accés lliure | |
| 901 | |a Arxiu | ||
| 942 | |n 1 |2 udc | ||
| 952 | |0 0 |1 0 |4 0 |6 RF95 |7 1 |9 48830 |a Arxiu |b Arxiu |d 2016-12-01 |l 0 |o RF-9-5 |p 13622 |r 2016-12-01 00:00:00 |w 2016-12-01 |y ARXIU | ||
| 999 | |c 52665 |d 52665 | ||
| 900 | |a bib_13622_1908_baixa.pdf | ||